ՀՀ Գիտությունների ազգային ակադեմիայի հիմնարար գիտական գրադարան  =   Fundamental Scientific Library of NAS RA

Заговор 20 июля 1944 года в Германии : (Record no. 525362)

MARC details
000 -LEADER
fixed length control field 00670nam a2200193 a 4500
003 - CONTROL NUMBER IDENTIFIER
control field AM-YEHGA
005 - DATE AND TIME OF LATEST TRANSACTION
control field 20250617164512.0
008 - FIXED-LENGTH DATA ELEMENTS--GENERAL INFORMATION
fixed length control field 120518s1962 r 000 0 rus d
040 ## - CATALOGING SOURCE
Original cataloging agency AM-YeHGA
041 0# - LANGUAGE CODE
Language code of text/sound track or separate title rus
001 - CONTROL NUMBER
control field 1825376
090 ## - LOCALLY ASSIGNED LC-TYPE CALL NUMBER (OCLC); LOCAL CALL NUMBER (RLIN)
-- 532569
100 1# - MAIN ENTRY--PERSONAL NAME
Personal name Мельников, Даниил
245 10 - TITLE STATEMENT
Title Заговор 20 июля 1944 года в Германии :
Remainder of title Легенда и действительность /
Statement of responsibility, etc. Д. Мельников.
260 ## - PUBLICATION, DISTRIBUTION, ETC.
Place of publication, distribution, etc. Москва :
Name of publisher, distributor, etc. Изд-во ин-та международных отношений,
Date of publication, distribution, etc. 1962.
300 ## - PHYSICAL DESCRIPTION
Extent 303 с.
653 0# - INDEX TERM--UNCONTROLLED
Uncontrolled term Антифашистская борьба
942 ## - ADDED ENTRY ELEMENTS (KOHA)
Source of classification or shelving scheme Universal Decimal Classification
Koha item type Գրքեր / Books
Holdings
Withdrawn status Lost status Damaged status Not for loan Collection Home library Current library Date acquired Total checkouts Full call number Barcode Date last seen Price effective from Koha item type Public note
        General Fundamental Scientific Library Fundamental Scientific Library 23/03/2022   РII/72459 FL0675678 23/03/2022 23/03/2022 Գրքեր / Books 30 Days Loan


ՀՀ ԳԱԱ հիմնարար գիտական գրադարան
ՀՀ,Երևան 0019
Մարշալ Բաղրամյան 24/6
հեռախոս:(374-10) 52-47-50
Հետադարձ կապ

All site content, except where otherwise noted, is licensed under a
Creative Commons License